Österreich nach Buchstabe - O/Ö - Statistiken

Allgemein
  • Dieses Quiz wurde 61 mal gespielt
  • Das Durchschnittsergebnis liegt bei 12 aus 20
Antwortstatistiken
Hinweis Antwort % Korrekt
Berühmter Ball in Wien Opernball
100%
Öffentlich-Rechtlicher Rundfunk ORF
100%
Bundesland mit der größten Kirche Österreichs Oberösterreich
96%
Gebirgsgruppe, wo 1991 eine Gletschermumie gefunden wurde Ötztaler Alpen
87%
Erfolgreiche Musikgruppe ("Live is Life") Opus
78%
Wiener Bezirk, bekannt für sein Bier und den Brunnenmarkt Ottakring
69%
Region Tirols, deckungsgleich mit dem Bezirk Lienz Osttirol
67%
Drittgrößter Kärntner See Ossiacher See
62%
Ehemaliger Name Österreichs Ostarrichi / Ostmark
62%
Einwohnerreichste Stadt des Südburgenlands Oberwart
60%
Schwanz des Eichhörnchens Oachkatzlschwoaf
56%
Bezirk der die Region Mittelburgenland bildet Oberpullendorf
53%
Seeschloss im Traunsee, auch als Serienkulisse genutzt Ort(h)
51%
Umsatzstärkstes Unternehmen 2023 OMV
47%
Großlandschaft, die mehr als die Hälfte der Staatsfläche ausmacht Ostalpen
47%
Box-Europameister, der später mit "Mei potschertes Leb'n" einen Nr.1-Charthit landete Orsolics
36%
Ursprungsort von "Stille Nacht, Heilige Nacht" Oberndorf bei Salzburg
33%
Region Tirols mit den Bezirken Landeck und Imst Oberland
29%
Höchster Gipfel des Mostviertels Ötscher
27%
Bekanntesten österreichische Widerstandsgruppe gegen den Nationalsozialismus O5
22%
Keine übereinstimmenden Quizze gefunden
Verteilung der Resultate
Anzahl Personen mit jedem Resultat
Perzentil nach korrekt beantworteten Fragen
Ihre Resultats-Entwicklung
Sie haben dieses Quiz noch nicht gespielt